000 01484nam a2200289 4500
003 EC-UNACH
005 20250929145918.0
006 s||||gr|||| 00| 00
008 150116t9999 mx r gr 000 0 spa d
020 _a978-1-61177-565-5
040 _aEC-UNACH
_cEC-UNACH
041 _aspa
082 0 4 _223
_a929
_bL018285
100 _9L. RONALD HUBBARD
245 _aPor la libertad artículos y ensayos
250 _aPrimera Edición
264 _aEstados Unidos
_bBRIDGE PUBLICATIONS
_c2012
300 _a357 páginas
505 _a"Crónica de la extraordinaria vida y la inmensa magnitud de los viajes de L. Ronald Hubbard. Detallando los logros del Sr. Hubbard junto con un sinnúmero de lugares que visitó; y todo contado a través de una multitud de documentos de archivo e imágenes nunca antes vistas. Conoce a L. Ronald Hubbard —la vida, el legado, el hombre— con los relatos más profundos, exhaustivos y personales de su extraordinaria vida que se hayan recopilado nunca. 1. Por la libertad. 2. Sobre el gobierno. 3. Sobre la justicia y la jurisprudencia. 4. Sobre la economía. 5. Sobre la subversión psiquiátrica. 6. Investigando las humanidades. 7. Comisión de ciudadanos por los derechos humanos."
650 _aFILÁNTROPO - BIOGRAFÍA
650 _aFILÓSOFO - ARTISTA
650 _aVIDA - LOGROS
942 _2ddc
_c1
999 _c13938